000 00468nam a2200181Ia 4500
005 20250508152409.0
008 008 250505s9999 xx 000 0 hin d
037 _aTextual
040 _aFEDL
_beng
_cFEDL
041 _ahin
_2eng
084 _aFH, MAN
_qFEDL
100 _aMandal Anuplal
_9761372
245 0 _aKendra aur paridar
260 _aPatna, India
_bPrag Prakashan
300 _a394p.
942 _cTEXL
_hFH, MAN
999 _c1336160
_d1336160